Statystyki dla Bramkarze Reprezentacji Polski w XXI wieku

Kliknij tutaj aby rozwiązać quiz!

Ogólne statystyki

  • Ten quiz został rozwiązany 170 razy
  • Średni wynik to 10 z 29

Statystyki odpowiedzi

HintOdpowiedź% Poprawnych
2009-2022Szczęsny
100%
2006-2021Fabiański
98%
1998-2013Dudek
87%
2004-2017Boruc
84%
2012-2022Skorupski
80%
2020-2022Drągowski
78%
2010-2016Tyton
70%
2022Grabara
66%
2003-2012Kuszczak
45%
2021Majecki
45%
2000-2002Majdan
38%
2018Białkowski
32%
2002-2009Kowalewski
25%
2010-2011Sandomierski
25%
1991-2002Matysek
24%
2006-2010Pawełek
18%
1996-2003Szamotulski
15%
2014Leszczynski
12%
2013Słowik
11%
2005-2010Przyrowski
10%
2014Miskiewicz
8%
2009Załuska
8%
2009Cierzniak
6%
2002-2003Liberda
6%
2011Gliwa
4%
2011Małkowski
4%
2003-2004Nalepa
4%
2000-2002Wierzchowski
4%
2002Bledzewski
3%

Rozkład punktacji

Percentyl według liczby udzielonych odpowiedzi

Procent ludzi z każdym wynikiem

Twoja historia wyników

Nie rozwiązałeś tego quizu